000
00284nam a2200121Ia 4500
100
_a
Shigley/ J.E/ Mischke/C.R
942
_c
RB
654
_a
handbook
245
_a
Std.handbook of machine design
260
_b
Mc Graw Hill
_a
New York
_c
1986
082
_a
1.53
_b
SHI
546
_a
ENGLISH
999
_c
20992
_d
20992